Licensing round for wind farms at sea attracts bids worth £1bn. (Record no. 66162)

MARC details
000 -LEADER
fixed length control field 00773cam a2200193 4500
008 - FIXED-LENGTH DATA ELEMENTS--GENERAL INFORMATION
fixed length control field 000000n2001 000 0 eng u
035 ## - SYSTEM CONTROL NUMBER
System control number (Sirsi) u111026
245 ## - TITLE STATEMENT
Title Licensing round for wind farms at sea attracts bids worth £1bn.
260 ## - PUBLICATION, DISTRIBUTION, ETC.
Date of publication, distribution, etc. 2001
490 ## - SERIES STATEMENT
Series statement Financial Times
Volume/sequential designation 16 February 2001, 6(1)
520 ## - SUMMARY, ETC.
Summary, etc. The first licensing round for the rights to build offshore wind farms has seem more than 15 groups apply. This comes as British Energy and Sir Robert McAlpine constuction group joined forces to build wind farms around the British coast.
590 ## - LOCAL NOTE (RLIN)
Local note WB
650 ## - SUBJECT ADDED ENTRY--TOPICAL TERM
Topical term or geographic name entry element WIND FARMS
650 ## - SUBJECT ADDED ENTRY--TOPICAL TERM
Topical term or geographic name entry element CROWN ESTATE
650 ## - SUBJECT ADDED ENTRY--TOPICAL TERM
Topical term or geographic name entry element OFFSHORE DEVELOPMENT
650 ## - SUBJECT ADDED ENTRY--TOPICAL TERM
Topical term or geographic name entry element RENEWABLE ENERGY
690 ## - LOCAL SUBJECT ADDED ENTRY--TOPICAL TERM (OCLC, RLIN)
Topical term or geographic name as entry element ENVIRONMENTAL AND LAND CONSULTANCY-ENERGY
942 ## - ADDED ENTRY ELEMENTS (KOHA)
Suppress in OPAC 0

No items available.